Guía del archivo general de Simancas
محفوظ في:
| مؤلف مشترك: | |
|---|---|
| التنسيق: | كتاب |
| اللغة: | الإسبانية |
| منشور في: |
Madrid, España
Dirección General de Archivos y Bibliotecas
1958
|
| الموضوعات: | |
| الوسوم: |
إضافة وسم
لا توجد وسوم, كن أول من يضع وسما على هذه التسجيلة!
|
MARC
| LEADER | 00000nam a2200000 a 4500 | ||
|---|---|---|---|
| 001 | UCV0283 | ||
| 003 | CL-VaPUC | ||
| 005 | 20240610114839.0 | ||
| 008 | 880727e19580000SP |||||||||||||||||spa|d | ||
| 999 | |c 208886 |d 208884 | ||
| 040 | |c Pontificia Universidad Católica de Valparaíso | ||
| 082 | 0 | 4 | |a 069 DIR 1958 |2 21 |
| 110 | 2 | |a Direccion General de Archivos y Bibliotecas |e autor |9 294908 | |
| 245 | 1 | 0 | |a Guía del archivo general de Simancas |
| 260 | |a Madrid, España |b Dirección General de Archivos y Bibliotecas |c 1958 | ||
| 300 | |a 136 páginas | ||
| 583 | |a last modification |c 20120322 03:32:59 |k Rodrigo Vera | ||
| 650 | 0 | |a Archivos tribunales |z ESPAÑA |9 255111 | |
| 650 | 0 | |a Museos históricos |z ESPAÑA |9 255112 | |
| 852 | |a BIBDER | ||
| 942 | |c BK |2 ddc | ||
| 945 | |d 19880727 00:00:00 | ||
| 952 | |0 0 |1 0 |4 0 |6 069_000000000000000_DIR_1958 |7 0 |8 DER_HDC |9 183867 |a BIBDER |b BIBDER |d 2019-11-14 |i 2505290 |o 069 DIR 1958 |p 2505290 |r 2023-01-25 |w 2019-11-14 |x Ubicación 4to Piso |y BK |z Estos recursos deben solicitarse con anticipación |k DER | ||